Départements Limitrophes Du Val-de-Marne - Statistiques

Statistiques générales
  • Ce quiz a été pris 100 fois
  • Le résultat moyen est 5 sur 5
Statistiques - réponses
Départements % Correct
Paris
99%
Seine-et-Marne
98%
Essonne
92%
Seine-Saint-Denis
91%
Hauts-de-Seine
87%
Aucun quiz correspondant
Distribution des résultats
% des personnes avec chaque résultat
Percentile par nombre de réponses
Votre historique - résultats
Vous n’avez pas pris ce quiz